Jugadores Argentina #2 - Estadísticas

Estadísticas generales
  • Esta prueba ha sido intentada 90 veces
  • La puntuación promedio es 15 de 20
Estadísticas de respuestas
Imagen Respuesta % Correcto
Guido Rodriguez
96%
Icardi
94%
Nahuel Molina
94%
Tagliafico
94%
Armani
89%
Lamela
87%
Pezzella
85%
Palacios
83%
Rulli
83%
Banega
81%
Nico Gonzalez
81%
Almada
77%
Varela
66%
Gazzaniga
64%
Maffeo
62%
Balerdi
57%
Taty Castellanos
57%
Medina
55%
Senesi
51%
Acosta
36%
No se encontraron pruebas coincidentes
Distribución de puntuación
Porcentaje de gente con cada puntuación
Porcentaje por número respondido
Historial de tus puntuaciones
No has intentado esta prueba.